Science and Environment Series 1

Đã lưu trong:
Sonraí Bibleagrafaíochta
Príomhúdar: Berwick, Gwen
Údair Eile: Thorne, Sydney
Formáid: Leabhar
Teanga:Undetermined
Foilsithe: Tp. Hồ Chí Minh Tổng hợp Tp. Hồ Chí Minh 2009
Ábhair:
Rochtain Ar Líne:http://lrc.tdmu.edu.vn/opac/search/detail.asp?aID=2&ID=14143
Clibeanna: Cuir Clib Leis
Gan Chlibeanna, Bí ar an gcéad duine leis an taifead seo a chlibeáil!
Thư viện lưu trữ: Trung tâm Học liệu Trường Đại học Thủ Dầu Một
LEADER 00714nam a2200217Ia 4500
001 TDMU_14143
008 210410s9999 xx 000 0 und d
082 |a 428.6 
090 |b B206 
100 |a Berwick, Gwen 
245 0 |a Science and Environment 
245 0 |b Series 1 
245 0 |c Gwen Berwick, Sydney Thorne 
260 |a Tp. Hồ Chí Minh 
260 |b Tổng hợp Tp. Hồ Chí Minh 
260 |c 2009 
300 |a 155tr. 
650 |a Tiếng Anh  |x Khoa học  |x Môi trường; English  |x Science  |x Environment 
700 |a Thorne, Sydney 
856 |u http://lrc.tdmu.edu.vn/opac/search/detail.asp?aID=2&ID=14143 
980 |a Trung tâm Học liệu Trường Đại học Thủ Dầu Một